La importancia y organización de los centros de documentación para asegurar la base informativa requerida para programas y proyectos públicos

Consideraciones acerca de la importancia y organización de los centros de documentación - Define que es un centro de documentación y especifica los requisitos que deben tomare en cuenta para crearlo. Describe los procesos y servicios que se llevan a cabo en un centro de documentación. Contiene anexo...

وصف كامل

محفوظ في:
التفاصيل البيبلوغرافية
مؤلف مشترك: Instituto Centroamericano de Administración Pública
التنسيق: نص
منشور في: San José : ICAP,
الوسوم: إضافة وسم
لا توجد وسوم, كن أول من يضع وسما على هذه التسجيلة!

MARC

LEADER 00000 a a2200000 04500
001 20501
003
040
090 |a 1003 I59i  
110 |a Instituto Centroamericano de Administración Pública  
245 |a La importancia y organización de los centros de documentación para asegurar la base informativa requerida para programas y proyectos públicos  
260 |a San José :   |b ICAP,  
300 |a 31 p.  
520 |a Consideraciones acerca de la importancia y organización de los centros de documentación - Define que es un centro de documentación y especifica los requisitos que deben tomare en cuenta para crearlo. Describe los procesos y servicios que se llevan a cabo en un centro de documentación. Contiene anexos que se refieren al análisis de calidades de información y capacidades de flujo, tipos de servicios de información, funciones básicas de apoyo de información, y base de datos semimecánica  
999 |c 15883  |d 15883